Statystyki dla Quiz o mnie i grach wideo!

Kliknij tutaj aby rozwiązać quiz!

Ogólne statystyki

  • Ten quiz został rozwiązany 37 razy
    (27 od ostatniego zresetowania)
  • Średni wynik to 3 z 7

Statystyki odpowiedzi

PytanieOdpowiedź% Poprawnych
Czy lubię Fortnite'a?NIE!
96%
Czy mam konsolę Nintendo Switch (Lite)Tak.
96%
Ile dotychczas (02.07.2021) mam gier Pokemon?5.
69%
Czy gram w CS:GO? (odpowiedź zapisz w jęz. niemieckim)Nein.
58%
Jaki jest mój ulubiony mob z Minecrafta?Pszczoła
12%
Jaką wersję Minecrafta mam na swoim laptopie (niestety się zablokowała)Education Edition.
4%
Jakie zwierzę, występujące w MC, chciałbym dostać w prawdziwym świecie?Aksolotla.
0%

Rozkład punktacji

Percentyl według liczby udzielonych odpowiedzi

Procent ludzi z każdym wynikiem

Twoja historia wyników

Nie rozwiązałeś tego quizu od ostatniego zresetowania